000
00275nam a2200121Ia 4500
008
190216s9999||||xx |||||||||||||| ||und||
100
_a
Manohara Varma M R
245
0
_a
Mounangal
260
_b
Poorna Pubs Kozhikode
_c
1995
300
_a
195p
650
_a
Novel
942
_c
BK
999
_c
27424
_d
27424